000 00603nam a2200205Ia 4500
003 GCL
008 140319s9999 xx 000 0 ara d
040 _aGCL /
_cGCL
082 0 4 _a810.9
_bش أ
100 1 _aشوقى ضيف
245 1 0 _aابن زيدون /
_cشوقى ضيف
260 _aالقاهرة :
_bدار المعارف ،
_c1990
300 _a ؛
_c19 سم
490 _aنوابغ الفكر العربى
_v0
650 0 4 _aالادب العربى
650 0 4 _aالشعراء العرب
650 0 4 _aالفلاسفة العرب
650 0 4 _aابن زيدون
942 _2ddc
_cBK
999 _c27579
_d27579